<?xml version="1.0" encoding="UTF-8"?>
<record
    xmlns:xsi="http://www.w3.org/2001/XMLSchema-instance"
    xsi:schemaLocation="http://www.loc.gov/MARC21/slim http://www.loc.gov/standards/marcxml/schema/MARC21slim.xsd"
    xmlns="http://www.loc.gov/MARC21/slim">

  <leader>00765nam a22001817a 4500</leader>
  <controlfield tag="003">UA-OsUOA</controlfield>
  <controlfield tag="001"> 16292 </controlfield>
  <controlfield tag="007">ta</controlfield>
  <controlfield tag="008">20031224b un ||||| |||| 00| 0 ukr d</controlfield>
  <datafield tag="100" ind1=" " ind2=" ">
    <subfield code="a">&#x413;&#x430;&#x432;&#x440;&#x438;&#x43B;&#x44E;&#x43A; &#x41D;.</subfield>
  </datafield>
  <datafield tag="942" ind1=" " ind2=" ">
    <subfield code="c">SA</subfield>
  </datafield>
  <datafield tag="040" ind1=" " ind2=" ">
    <subfield code="a">UA-OsUOA</subfield>
    <subfield code="c">UA-OsUOA</subfield>
    <subfield code="d">UA-OsUOA</subfield>
  </datafield>
  <datafield tag="245" ind1=" " ind2=" ">
    <subfield code="a">&#x413;&#x43E;&#x43B;&#x43E;&#x432;&#x43D;&#x435; &#x442;&#x443;&#x440;&#x431;&#x43E;&#x442;&#x430; &#x43F;&#x440;&#x43E; &#x43B;&#x44E;&#x434;&#x435;&#x439;</subfield>
    <subfield code="b">[&#x41F;&#x440;&#x43E; &#x440;&#x43E;&#x431;&#x43E;&#x442;&#x443; &#x420;&#x456;&#x432;&#x43D;&#x435;&#x43D;. &#x442;&#x435;&#x440;&#x438;&#x442;. &#x426;&#x435;&#x43D;&#x442;&#x440;&#x443; &#x43C;&#x435;&#x434;.-&#x441;&#x43E;&#x446;. &#x43E;&#x431;&#x441;&#x43B;&#x443;&#x433;&#x43E;&#x432;&#x443;&#x432;&#x430;&#x43D;&#x43D;&#x44F; &#x442;&#x430; &#x440;&#x435;&#x430;&#x431;&#x456;&#x43B;&#x456;&#x442;&#x430;&#x446;&#x456;&#x457; &#x456;&#x43D;&#x432;&#x430;&#x43B;&#x456;&#x434;&#x456;&#x432; &#x440;&#x43E;&#x437;&#x43F;&#x43E;&#x432;&#x456;&#x434;&#x430;&#x454; &#x434;&#x438;&#x440;. &#x446;&#x435;&#x43D;&#x442;&#x440;&#x443; &#x41D;.&#x413;&#x430;&#x432;&#x440;&#x438;&#x43B;&#x44E;&#x43A;]/ &#x420;&#x43E;&#x437;&#x43C;&#x43E;&#x432;&#x43B;&#x44F;&#x432; &#x414;.&#x421;&#x430;&#x43C;&#x43E;&#x440;&#x43E;&#x434;&#x43E;&#x432;</subfield>
  </datafield>
  <datafield tag="300" ind1=" " ind2=" ">
    <subfield code="a">&#x421;.7</subfield>
  </datafield>
  <datafield tag="955" ind1=" " ind2=" ">
    <subfield code="a">0</subfield>
  </datafield>
  <datafield tag="773" ind1="0" ind2=" ">
    <subfield code="w">0</subfield>
    <subfield code="t">&#x41D;&#x43E;&#x432;&#x430; &#x412;&#x43E;&#x43B;&#x438;&#x43D;&#x44C;</subfield>
    <subfield code="d">&#x420;&#x456;&#x432;&#x43D;&#x435;</subfield>
    <subfield code="d">2003</subfield>
    <subfield code="g">&#x2116;49/ 27 &#x43B;&#x438;&#x441;&#x442;&#x43E;&#x43F;./</subfield>
  </datafield>
  <datafield tag="650" ind1=" " ind2="7">
    <subfield code="a">&#x41A;&#x440;&#x430;&#x454;&#x437;&#x43D;&#x430;&#x432;&#x447;&#x430; &#x440;&#x43E;&#x431;&#x43E;&#x442;&#x430;</subfield>
    <subfield code="2">UDC</subfield>
  </datafield>
  <datafield tag="999" ind1=" " ind2=" ">
    <subfield code="c">302457</subfield>
    <subfield code="d">302457</subfield>
  </datafield>
</record>
